000 01017cam a2200325 a 4500
001 14537551
003 ARRUPE
005 20140121124121.0
008 060907s2006 enk 001 0 eng
010 _a 2006298238
015 _aGBA631837
_2bnb
016 7 _a013426384
_2Uk
020 _a0826480365 (hbk.)
020 _a0826493912 (pbk.)
035 _a(OCoLC)ocm64962850
040 _aUKM
_cUKM
_dBAKER
_dBWKUK
_dIXA
_dDLC
042 _alccopycat
050 0 0 _aJC573
_b.S273 2006
082 0 4 _a320.01
_222
100 1 _aScruton, Roger.
_96772
245 1 2 _aA political philosophy /
_cRoger Scruton.
260 _aLondon ;
_aNew York :
_bContinuum,
_c2006.
300 _ax, 214 p. ;
_c23 cm.
500 _aIncludes indexes.
650 0 _aConservatism.
_96773
856 4 1 _3Table of contents only
_uhttp://www.loc.gov/catdir/toc/fy0702/2006298238.html
906 _a7
_bcbc
_ccopycat
_d2
_encip
_f20
_gy-gencatlg
942 _2lcc
_cMONOGRAPH
999 _c119601
_d119601